Estudios nuevos y viejos sobre la frontera
Guardado en:
| Autores principales: | , |
|---|---|
| Formato: | Libro |
| Lenguaje: | español |
| Publicado: |
Madrid, España
Consejo Superior de Investigaciones Cientifícas
1991
|
| Colección: | Anexos de Revista de India,
4 |
| Materias: | |
| Etiquetas: |
Agregar Etiqueta
Sin Etiquetas, Sea el primero en etiquetar este registro!
|
MARC
| LEADER | 00000cam a2200000 a 4500 | ||
|---|---|---|---|
| 001 | UCR5902 | ||
| 003 | CL-VaPUC | ||
| 005 | 20210813001816.0 | ||
| 008 | 980403e19910000SP |||||||||||||||||spa|d | ||
| 999 | |c 268244 |d 268242 | ||
| 020 | |a 8400071468 | ||
| 040 | |c Pontificia Universidad Católica de Valparaíso | ||
| 082 | 0 | 4 | |a 980 SOL 1991 |2 21 |
| 100 | 0 | |a Solano, Francisco de |e author |9 406848 | |
| 245 | 1 | 0 | |a Estudios nuevos y viejos sobre la frontera |
| 260 | |a Madrid, España |b Consejo Superior de Investigaciones Cientifícas |c 1991 | ||
| 300 | |a 419 páginas | ||
| 490 | 0 | |a Anexos de Revista de India, |v 4 | |
| 583 | |a last modification |c 20160810 04:45:21 |k Rodrigo Vera | ||
| 650 | 0 | |a Historia |y SIGLOS 16-18 |z AMERICA |9 255047 | |
| 650 | 0 | |a Fuerzas Armadas |z ESPAÑA |z AMERICA |9 255504 | |
| 650 | 0 | |a Relaciones Exteriores |z ESPAÑA |z AMERICA |9 255379 | |
| 650 | 0 | |a Relaciones Internacionales |z ESPAÑA |z AMERICA |9 255740 | |
| 650 | 0 | |a Monarquía |z AMERICA |z HONDURAS |z BRASIL |z VENEZUELA |z CHILE |9 255259 | |
| 700 | |a Bernabéu Albert, Salvador |e author |9 589018 | ||
| 852 | |a BIBCUR | ||
| 942 | |c BK |2 ddc | ||
| 945 | |d 19980403 00:00:00 |a rbrito | ||
| 952 | |0 0 |1 0 |2 ddc |4 0 |6 980_000000000000000_SOL_1991 |7 0 |8 A |9 301231 |a BIBHIS |b BIBHIS |d 2019-11-20 |i 3398595 |o 980 SOL 1991 |p 3398595 |r 2025-01-20 |t 1 |w 2019-11-20 |y BK |k HIS | ||
| 952 | |0 0 |1 0 |2 ddc |3 erb |4 0 |6 980_000000000000000_SOL_1991 |7 0 |8 A |9 301232 |a BIBHIS |b BIBHIS |i 5337720 |o 980 SOL 1991 |p 5337720 |r 2025-01-20 |t 2 |w 2019-11-20 |y BK |z Catalogado en:20160811 |k HIS | ||